Statistiques concernant Kpop - Retrouve le nom du groupe

Cliquez ici pour prendre le quiz!

Statistiques générales

  • Ce quiz a été pris 2 262 fois
  • Le résultat moyen est 12 sur 20

Statistiques - réponses

FrançaisAnglais% Correct
Cygne NoirBlackswan
84%
Bisou VioletPurple Kiss
84%
Enfants PerdusStray Kids
84%
Deux foisTwice
83%
Le pays de MomoMomoland
79%
Velours RougeRed Velvet
79%
2h du Matin2 A.M
77%
Demain X EnsembleTomorrow X Together
77%
Attrape-RêveDreamcatcher
74%
Un NousOnewe / Oneus
72%
RoyaumeKingdom
70%
BêteBeast
67%
Grosse ExplosionBigBang
60%
BrillantShinee
52%
Surdoué / Enfant doréGolden Child
51%
Sœurs ÉtoilesSistar
47%
Héros ExtraordinairesXdinary Heroes
36%
Filles aux Yeux MarronsBrown Eyed Girls
28%
HebdomadaireWeeekly
22%
ÉternelEverglow
8%

Distribution des résultats

Percentile par nombre de réponses

% des personnes avec chaque résultat

Votre développement - résultats

Vous n’avez pas pris ce quiz